Anteproyecto arquitectónico del Hotel La Cascada en la reserva natural privada La Máquina en Diriamba, Carazo
Presenta propuesta de diseño arquitecto de un hotel tres estrellas y un restaurante campestres en la reserva natural La Máquina, se aplica la metodología de estudio de modelos análogos y revisión bibliográfica que sirvieron de base en la construcción de criterios, normativas de diseño, desar...
| Main Author: | |
|---|---|
| Other Authors: | |
| Format: | Tesis Section = Libro |
| Language: | Undetermined Spanish |
| Published: |
Managua
UNI
2012
|
| Subjects: |
| LEADER | 01108nam a2200217Ia 4500 | ||
|---|---|---|---|
| 008 | 240830s9999 xx 000 0 und d | ||
| 040 | |a BIBLIOTECA-RUSB/ T.Mon 728.5 Z35 | ||
| 041 | |a spa | ||
| 082 | |a T.Mon 728.5 Z35 | ||
| 100 | 1 | |a Zapata Sequeira, Arem Assuan | |
| 245 | 1 | 0 | |a Anteproyecto arquitectónico del Hotel La Cascada en la reserva natural privada La Máquina en Diriamba, Carazo |
| 260 | |a Managua |b UNI |c 2012 | ||
| 300 | |a 53 p. :il. | ||
| 502 | |a Tesis (Arquitecto) - UNI, 2012. | ||
| 520 | 3 | |a Presenta propuesta de diseño arquitecto de un hotel tres estrellas y un restaurante campestres en la reserva natural La Máquina, se aplica la metodología de estudio de modelos análogos y revisión bibliográfica que sirvieron de base en la construcción de criterios, normativas de diseño, desarrollo de programa de necesidades y programa arquitectónico. | |
| 650 | 7 | |a HOTELES - DISEÑO ARQUITECTONICO MODELOS ANÁLOGOS - HOTELES | |
| 650 | 7 | |b ARQUITECTURA - DISEÑOS Y PLANOS | |
| 700 | 1 | |a Tutor: |b Morales Sánchez, Erick Alejandro | |
| 942 | |c BK |2 ddc | ||
| 991 | |a TESIS | ||
| 999 | |c 22098 | ||